Canadian Political Parties in History - Statistics

General Stats
  • This quiz has been taken 151 times
  • The average score is 10 of 18
Answer Stats
Most Successful Election Party % Correct
51% W. L. Mackenzie King (1940) Liberal
98%
54% John Diefenbaker (1958) Conservative
97%
31% Jack Layton (2011) New Democratic
89%
7% Elizabeth May (2008) Green
87%
3% Maxime Raymond (1945) Bloc populaire
82%
14% Lucien Bouchard (1993) Bloc Québécois
82%
21% Thomas Crerar (1921) Progressive
69%
5% Maxime Bernier (2021) People's
68%
19% Preston Manning (1997) Reform
63%
2% Tim Buck (1945) Communist
55%
25% Stockwell Day (2000) Alliance
45%
12% Robert N. Thompson (1963) Social Credit
41%
3% J. S. Woodsworth (1921) Labour
39%
16% M. J. Coldwell (1945) Co-operative Commonwealth
30%
57% Robert Borden (1917) Unionist
26%
8% Joseph Howe (1867) Anti-Confederation
17%
9% H. H. Stevens (1935) Reconstruction
6%
4% N/A (1896) Patrons of Industry
3%
No matching quizzes found
Score Distribution
Percent of People with Each Score
Percentile by Number Answered
Your Score History
You have not taken this quiz